Napoleonic War Countries - Statistics

General Stats
  • This quiz has been taken 123 times
  • The average score is 17 of 30
Answer Stats
Category % Correct
Coalition Forces Russia
95%
French Allies/Client States Russia
95%
Coalition Forces United Kingdom
94%
Coalition Forces Spain
92%
French Allies/Client States Spain
92%
Coalition Forces Habsburg Empire
91%
French Allies/Client States Austria
90%
Coalition Forces Prussia
88%
French Allies/Client States Prussia
88%
French Allies/Client States France
84%
Coalition Forces Sweden
80%
Coalition Forces Denmark
79%
Coalition Forces Portugal
78%
Coalition Forces Naples
68%
Coalition Forces Netherlands
67%
Coalition Forces Swiss Confederation
63%
Coalition Forces Bavaria
55%
Coalition Forces Papal States
42%
Coalition Forces Saxony
41%
Coalition Forces Sicily
41%
Coalition Forces Sardinia
38%
Coalition Forces Tuscany
31%
Coalition Forces Baden
29%
Coalition Forces Württemberg
29%
Coalition Forces Nassau
13%
Coalition Forces Brunswick
11%
Coalition Forces Montenegro
8%
French Allies/Client States Denmark-Norway
5%
Coalition Forces Iran
4%
French Allies/Client States Iran
4%
No matching quizzes found
Score Distribution
Percent of People with Each Score
Percentile by Number Answered
Your Score History
You have not taken this quiz